LEADER 01065nam 2200361Ia 450 001 996397056003316 005 20221108100140.0 035 $a(CKB)4940000000061760 035 $a(EEBO)2240921646 035 $a(OCoLC)9920606500971 035 $a(EXLCZ)994940000000061760 100 $a19980106d1507 uy | 101 0 $asco 135 $aurbn||||a|bb| 200 10$a[Ars minor]$b[electronic resource] 210 $a[Scotland? $cs.n.$dca. 1507?] 215 $a[2+] p 300 $aTitle suggested by STC (2nd ed.). 300 $aAttributed to Donatus by STC (2nd ed.). 300 $aImprint suggested by STC (2nd ed.). 300 $aImperfect: lacking all except 1 leaf. 300 $aReproduction of original in: University of Aberdeen. Library. 330 $aeebo-0003 606 $aLatin language$xGrammar 615 0$aLatin language$xGrammar. 700 $aDonatus$b Aelius$0186224 801 0$bEBK 801 1$bEBK 801 2$bWaOLN 906 $aBOOK 912 $a996397056003316 996 $aArs minor$92297778 997 $aUNISA LEADER 01100nam a2200301|i 4500 001 991003959399707536 005 20030107144335.0 008 021008s1986 be u u grcuu 020 $a2503401511 035 $ab11888283-39ule_inst 035 $aEXGIL150253$9ExL 040 $aBiblioteca Interfacoltà$bita 082 0 $a230 100 1 $aPetit, François$0416901 245 10$aCatenae Graeca in Genesim et in Exodum /$cedita a François Petit 260 0 $aTurnhout :$bBrepols ; Leuven : University Press,$c1986 300 $av. ;$c26 cm. 490 0 $aCorpus Christianorum. Series Graeca ;$v15 500 $aContiene indici. 505 0 $aVol. 2. Collectio Coisliniana in Genesim 650 4$aPatristica 740 00$aCollectio Coisliniana in Genesim 907 $a.b11888283$b28-04-17$c07-01-03 912 $a991003959399707536 945 $aLE002 Patr. CCSG 015$g1$i2002000089342$lle002$o-$pE0.00$q-$rn$so $t0$u0$v0$w0$x0$y.i12145166$z07-01-03 996 $aCatenae Graeca in Genesim et in Exodum$9902357 997 $aUNISALENTO 998 $ale002$b01-01-02$cm$da $e-$fgrc$gbe $h0$i1